000
00264nam a2200097Ia 4500
005
20251222114346.0
008
251222s1900||||xx |||||||||||||| ||spa||
082
_a
DVD0092/V86/2009
245
0
_a
Die frau mit den elefanten:La mujer con los cinco elefantes
942
_c
DVD
999
_c
1054
_d
1054